Chen village (Record no. 753293)

MARC details
000 -LEADER
fixed length control field 00795nam a2200253Ia 4500
003 - CONTROL NUMBER IDENTIFIER
control field OSt
005 - DATE AND TIME OF LATEST TRANSACTION
control field 20220928114159.0
008 - FIXED-LENGTH DATA ELEMENTS--GENERAL INFORMATION
fixed length control field 220927b |||||||| |||| 00| 0 eng d
037 ## - SOURCE OF ACQUISITION
Terms of availability Textual
040 ## - CATALOGING SOURCE
Original cataloging agency SDCL
Transcribing agency SDCL
Language of cataloging eng
041 ## - LANGUAGE CODE
Source of code eng
Language code of text/sound track or separate title eng
100 ## - MAIN ENTRY--PERSONAL NAME
Personal name Chan Anita
9 (RLIN) 437349
245 #0 - TITLE STATEMENT
Title Chen village
Remainder of title The recent history of a peasant community in Mao's China.
260 ## - PUBLICATION, DISTRIBUTION, ETC.
Place of publication, distribution, etc. Berkeley
Name of publisher, distributor, etc. University of California Press
Date of publication, distribution, etc. 1984
300 ## - PHYSICAL DESCRIPTION
Extent viii,293p.
Dimensions cm.
700 ## - ADDED ENTRY--PERSONAL NAME
Personal name Madsen Richard Madsen
9 (RLIN) 437350
700 ## - ADDED ENTRY--PERSONAL NAME
Personal name Unger Jonathan
9 (RLIN) 437351
942 ## - ADDED ENTRY ELEMENTS (KOHA)
Classification part Y49(J).41'N7, M4
Koha item type Textual
Source of classification or shelving scheme Colon Classification (CC)
Holdings
Withdrawn status Lost status Damaged status Not for loan Home library Current library Date acquired Total Checkouts Full call number Barcode Date last seen Price effective from Koha item type
        South Campus Library South Campus Library 2022-09-28   Y49(J).41'N7 M4 SC0857058 2022-09-28 2022-09-28 Textual
Copyright @ Delhi University Library System